Les stations de métro parisien historique situées en dehors de Paris - Statistiques

Statistiques générales
  • Ce quiz a été pris 18 fois
  • Le résultat moyen est 47 sur 77
Statistiques - réponses
Lignes Villes Stations % Correct
Paris - Vincennes Château de Vincennes
94%
Puteaux - Courbevoie Esplanade de La Défense
94%
- Puteaux La Défense
94%
Bagnolet Gallieni
83%
Montreuil Mairie de Montreuil
83%
Montrouge Mairie de Montrouge
83%
Les Lilas Mairie des Lilas
83%
Ivry-sur-Seine Mairie d'Ivry
83%
Maisons-Alfort Ecole Vétérinaire de Maisons-Alfort
78%
Le Kremlin-Bicêtre Le Kremlin-Bicêtre
78%
Neuilly-sur-Seine Les Sablons
78%
Levallois Louise Michel
78%
Aubervilliers Mairie d'Aubervilliers
78%
Levallois Pont de Levallois - Bécon
78%
Neuilly-sur-Seine Pont de Neuilly
78%
Saint-Mandé - Vincennes Saint-Mandé
78%
Bagneux Bagneux - Lucie Aubrac
72%
Pantin Eglise de Pantin
72%
Levallois Anatole France
67%
Bobigny Bobigny - Pablo Picasso
67%
Boulogne-Billancourt Boulogne - Pont de Saint-Cloud
67%
Chevilly-Larue Chevilly-Larue
67%
Créteil Créteil - Université
67%
L'Haÿ-les-Roses L'Haÿ-les-Roses
67%
Clichy Mairie de Clichy
67%
Saint-Ouen Mairie de Saint-Ouen
67%
Issy-les-Moulineaux Mairie d'Issy
67%
Montreuil - Noisy-le-Sec Montreuil - Hôpital
67%
Créteil Pointe du Lac
67%
Villejuif Villejuif - Louis Aragon
67%
Paray-Vieille-Poste Aéroport d'Orly
61%
Aubervilliers - Pantin Aubervilliers - Pantin - Quatre Chemins
61%
Montrouge - Bagneux Barbara
61%
Boulogne-Billancourt Billancourt
61%
Charenton-le-Pont Charenton - Ecoles
61%
Châtillon - Montrouge Châtillon - Montrouge
61%
Créteil Créteil - L'Echat
61%
Créteil Créteil - Préfecture
61%
Montreuil Croix de Chavaux
61%
La Courneuve La Courneuve - 8 mai 1945
61%
Asnières - Gennevilliers Les Courtilles
61%
Charenton-le-Pont Liberté
61%
Maisons-Alfort Maisons-Alfort - Stade
61%
Boulogne-Billancourt Pont de Sèvres
61%
Rosny-sous-Bois Rosny - Bois Perrier
61%
Saint-Denis Saint-Denis - Université
61%
Saint-Ouen Saint-Ouen
61%
Saint-Mandé - Vincennes Bérault
56%
Aubervilliers Fort d'Aubervilliers
56%
Aubervilliers - Saint-Denis Front Populaire
56%
Pantin Hoche
56%
Boulogne-Billancourt Marcel Sembat
56%
Montreuil Robespierre
56%
Saint-Denis Saint-Denis - Porte de Paris
56%
Les Lilas Serge Gainsbourg
56%
Thiais Thiais - Orly
56%
Aubervilliers Aimé Césaire
50%
Saint-Denis Basilique de Saint-Denis
50%
Bobigny - Pantin Bobigny - Pantin - Raymond Queneau
50%
Saint-Denis Carrefour Pleyel
50%
Asnières - Gennevilliers Gabriel Péri
50%
Saint-Ouen Garibaldi
50%
Montreuil - Rosny-sous-Bois La Dhuys
50%
- Malakoff - Vanves Malakoff - Plateau de Vanves
50%
Romainville Romainville - Carnot
50%
Villejuif Villejuif - Léo Lagrange
50%
Boulogne-Billancourt Boulogne - Jean Jaurès
44%
Issy-les-Moulineaux Corentin Celton
44%
Asnières - Gennevilliers Les Agnettes
44%
Malakoff Malakoff - Rue Etienne Dolet
44%
Ivry-sur-Seine Pierre et Marie Curie
44%
Saint-Denis Saint-Denis - Pleyel
44%
Villejuif Villejuif - Paul Vaillant-Couturier
44%
Le Kremlin-Bicêtre - Gentilly Hôpital Bicêtre
39%
Noisy-le-Sec - Rosny-sous-Bois Coteaux Beauclair
33%
Villejuif Villejuif - Gustave Roussy
33%
Maisons-Alfort Maisons-Alfort - Les Juilliotes
22%
Aucun quiz correspondant
Distribution des résultats
% des personnes avec chaque résultat
Percentile par nombre de réponses
Votre historique - résultats
Vous n’avez pas pris ce quiz